Stochastic systems : theory and applications

Αποθηκεύτηκε σε:
Λεπτομέρειες βιβλιογραφικής εγγραφής
Κύριος συγγραφέας: Pugachev, V. S. (Vladimir Semenovich)
Άλλοι συγγραφείς: Sinitsyn, I. N. (Igor Nikolaevich), Sinitsyn, I. V. (Ivan Vasilevich) (Μεταφραστής)
Μορφή: Βιβλίο
Γλώσσα:English
Δημοσίευση: New Jersey : World Scientific, c2001
Θέματα:
Ετικέτες: Προσθήκη ετικέτας
Δεν υπάρχουν, Καταχωρήστε ετικέτα πρώτοι!

MARC

LEADER 00000nam a2200000 i 4500
001 1/73178
008 050310s2001 eng d
020 |a 981-02-4742-7 (hbk.) 
035 |l 10077023 
040 |a GR-MY-UA  |b gre  |e aacr 
041 0 |a eng 
082 0 |a 519.2  |2 (21) 
100 1 |a Pugachev, V. S.  |q (Vladimir Semenovich) 
245 1 0 |a Stochastic systems :  |b theory and applications /  |c V.S. Pugachev, I.N. Sinitsyna ; translated by I.V.Sinitsyna 
260 |a New Jersey :   |b World Scientific,   |c c2001 
300 |a xx, 908 σ.;  |b εικ.;  |c 24 εκ. 
504 |a Περιλαμβάνει βιβλιογραφία και ευρετήριο 
650 0 0 |a Stochastic differential equations. 
650 0 0 |a Stochastic systems. 
700 1 |a Sinitsyn, I. N.  |q (Igor Nikolaevich) 
700 1 |a Sinitsyn, I. V.  |q (Ivan Vasilevich)  |4 trl 
852 |a INST  |b CHIOS  |e 20050310  |h 519.2 PUG  |p 005200021789  |q 005200021789  |t BK  |y 0 
901 |a BIBL2-2005-1 
909 |a Χ  |b 113079 
920 |a ΔΙΕΥΡΥΝΣΗ  |b ΕΠΕΑΕΚ-ΤΜΟΔ  |y ΧΙΟΣ  |z 2004-12 
970 |a ΣΠΕΝΤΖΑ  |b ΕΛΕΝΗ  |z 2005/03/10